000 00739nam a2200241Ia 4500
003 OSt
005 20220923212848.0
006 a|||||r|||| 00| 0
007 ta
008 220922b |||||||| |||| 00| 0 hin d
024 _a156,362
037 _cTextual
040 _aARTS
_cARTS
_bhin
041 _2hin
_ahin
082 _aO152:gx, M91
100 _aवीरेन्द्र सिंह
_9156263
245 0 _aसमकालीन आलोचना
246 _aSamakālīn ālochanā
260 _aजयपुर
_b पंचशील प्रकाशन
_c1989
300 _a200 पृ.
_ccm.
942 _hO152:gx, M91
_cTEXL
_2CC
999 _c311680
_d311680